Encountering missionary life and work : (Record no. 8878)

MARC details
000 -LEADER
fixed length control field 02328cam a2200397 i 4500
001 - CONTROL NUMBER
control field 181424040
003 - CONTROL NUMBER IDENTIFIER
control field OCoLC
005 - DATE AND TIME OF LATEST TRANSACTION
control field 20241126110700.0
008 - FIXED-LENGTH DATA ELEMENTS--GENERAL INFORMATION
fixed length control field 071102t20082008miua b 001 0 eng
010 ## -
-- 2007045046
020 ## - INTERNATIONAL STANDARD BOOK NUMBER
International Standard Book Number 9780801026591
020 ## - INTERNATIONAL STANDARD BOOK NUMBER
International Standard Book Number 0801026598
035 ## - SYSTEM CONTROL NUMBER
System control number (OCoLC)181424040
Canceled/invalid control number (OCoLC)166368579
040 ## - CATALOGING SOURCE
Original cataloging agency DLC
Language of cataloging eng
Description conventions rda
Transcribing agency DLC
Modifying agency BAKER
-- BTCTA
-- YDXCP
-- C#P
-- BWX
-- WTS
-- OCLCQ
-- NLGGC
-- CHC
-- BDX
-- ZID
-- OCLCF
-- OCLCQ
-- NZABT
-- OCLCQ
-- OCLCA
-- RVA
-- NLUKB
-- OCLCQ
050 00 -
-- BV2061.3
-- .S75 2008
050 00 -
-- BV2061.3
-- .S75 2008
082 ## - DEWEY DECIMAL CLASSIFICATION NUMBER
Classification number 266
Item number STE
100 1# - MAIN ENTRY--PERSONAL NAME
Personal name Steffen, Tom A.,
Dates associated with a name 1947-
Relator term author.
9 (RLIN) 15576
245 10 - TITLE STATEMENT
Title Encountering missionary life and work :
Remainder of title preparing for intercultural ministry /
Statement of responsibility, etc. Tom Steffen and Lois McKinney Douglas.
264 #1 - PRODUCTION, PUBLICATION, DISTRIBUTION, MANUFACTURE, AND COPYRIGHT NOTICE
Place of production, publication, distribution, manufacture Grand Rapids, Michigan :
Name of producer, publisher, distributor, manufacturer Baker Academic,
Date of production, publication, distribution, manufacture, or copyright notice [2008]
264 #4 - PRODUCTION, PUBLICATION, DISTRIBUTION, MANUFACTURE, AND COPYRIGHT NOTICE
Date of production, publication, distribution, manufacture, or copyright notice ℗♭2008
300 ## - PHYSICAL DESCRIPTION
Extent xxi, 390 pages :
Other physical details illustrations ;
Dimensions 23 cm.
336 ## - CONTENT TYPE
Content type term text
Content type code txt
Source rdacontent
337 ## - MEDIA TYPE
Media type term unmediated
Media type code n
Source rdamedia
338 ## - CARRIER TYPE
Carrier type term volume
Carrier type code nc
Source rdacarrier
490 1# - SERIES STATEMENT
Series statement Encountering mission
504 ## - BIBLIOGRAPHY, ETC. NOTE
Bibliography, etc. note Includes bibliographical references (pages 365-378) and indexes.
505 0# - FORMATTED CONTENTS NOTE
Formatted contents note The changing scene -- Remembering the past -- Understanding key ideas and terms -- Home-front preparations -- Decision making and the will of God -- Spiritual formation -- Personal readiness -- Ministry readiness -- Avenues to cross-cultural ministries -- Finding your niche -- Getting going -- On-field preparations -- What is culture? -- At home in the culture -- Culture and language acquisition -- Missionaries and their lives -- Women in missions -- Missionary families -- Crises in missions -- Reentry -- What's next?
520 ## - SUMMARY, ETC.
Summary, etc. This new volume in the award-winning Encountering Mission series is for current and future missionaries. It provides practical guidance regarding getting ready for the mission field and the realities of life on the field. The authors are well qualified to write such a manual, each having served as a missionary for more than twenty years and each having taught missions in seminary.
650 #0 - SUBJECT ADDED ENTRY--TOPICAL TERM
Topical term or geographic name entry element Missions.
9 (RLIN) 885
650 #0 - SUBJECT ADDED ENTRY--TOPICAL TERM
Topical term or geographic name entry element Missionaries.
9 (RLIN) 3863
650 #0 - SUBJECT ADDED ENTRY--TOPICAL TERM
Topical term or geographic name entry element Christianity and culture.
9 (RLIN) 886
700 1# - ADDED ENTRY--PERSONAL NAME
Personal name Douglas, Lois McKinney,
Dates associated with a name 1931-
Relator term author.
9 (RLIN) 15590
830 #0 -
-- Encountering mission.
-- 14363
942 ## - ADDED ENTRY ELEMENTS (KOHA)
Source of classification or shelving scheme Dewey Decimal Classification
Koha item type Books
Koha issues (borrowed), all copies 3
Holdings
Withdrawn status Lost status Source of classification or shelving scheme Damaged status Not for loan Home library Current Library Shelving location Date acquired Total checkouts Full call number Barcode Date last seen Date last checked out Copy number Price effective from Koha item type
    Dewey Decimal Classification     GRACE BIBLE COLLEGE GRACE BIBLE COLLEGE Ministry & Mission 2022-01-12 8 266 STE 015364 2025-07-30 2025-07-28 c.1 2022-01-12 Books
    Dewey Decimal Classification     GRACE BIBLE COLLEGE GRACE BIBLE COLLEGE Ministry & Mission 2025-01-27 2 266 STE 020958 2025-08-01 2025-07-31 c.2 2025-01-27 Books
© Grace Bible College Library 2025